| 000 | 00523nam a2200217Ia 4500 | ||
|---|---|---|---|
| 003 | 0100 | ||
| 008 | 130303s9999 xx 000 0 und d | ||
| 020 | _a0023903007 | ||
| 040 | _cARRUPELIB | ||
| 050 | _aD20.M316 1987 | ||
| 100 | _aTurner, Frank M. | ||
| 245 | 4 | _aThe many sides of history | |
| 245 | _breadings in the western heritage | ||
| 260 | _aNew York | ||
| 260 | _bMacmillan Publishing | ||
| 260 | _C1987 | ||
| 300 | _a403p. | ||
| 300 | _b 24cm. | ||
| 700 | _aOzment, Steven (ed.) | ||
| 942 |
_2lcc _02 |
||
| 999 |
_c64135 _d64135 |
||